[Event "Budapest FS05 GM"]
[Site "Budapest"]
[Date "2022.05.16"]
[Round "8"]
[White "Neverov, Valeriy"]
[Black "Roy, Prantik"]
[Result "1/2-1/2"]
[WhiteElo "2440"]
[BlackElo "2366"]
[PlyCount "109"]
[EventDate "2022.05.07"]
[EventType "tourn"]
[EventRounds "9"]
[EventCountry "HUN"]
[EventCategory "6"]
[SourceTitle "CBM 208 Extra"]
[Source "ChessBase"]
[SourceDate "2022.07.31"]
[SourceVersion "1"]
[SourceVersionDate "2022.07.31"]
[SourceQuality "1"]

1. d4 d5 2. c4 e6 3. Nf3 Nf6 4. Nc3 c6 5. e3 Nbd7 6. Qc2 Bd6 7. b3 0-0 8. Bb2 Qe7 9. Bd3 e5 10. cxd5 cxd5 11. dxe5 Nxe5 12. Nxe5 Bxe5 13. Ne2 Bg4 14. Bxe5 Qxe5 15. Nd4 Rac8 16. Qd2 Ne4 17. Bxe4 dxe4 18. 0-0 Qg5 19. Kh1 Rc5 20. Rac1 Rfc8 21. b4 Rc4 22. Rxc4 Rxc4 23. Rc1 Qd5 24. h3 Be2 25. b5 h5 26. a4 Bd3 27. Rxc4 Qxc4 28. Qa5 a6 29. Qd8+ Kh7 30. b6 Qc5 31. Qd7 Qxb6 32. Qxf7 Qg6 33. Qxb7 Bf1 34. g3 Bxh3 35. Qc7 Qf6 36. Kg1 h4 37. a5 Bg4 38. gxh4 Qxh4 39. Qh2 Qxh2+ 40. Kxh2 Kg6 41. Kg3 Kg5 42. Nb3 Be2 43. Nd4 Bf1 44. f4+ exf3 45. Nxf3+ Kf5 46. e4+ Ke6 47. Kf4 Kd6 48. Nd4 g6 49. Kg5 Bd3 50. Kxg6 Bxe4+ 51. Kf6 Bg2 52. Nf5+ Kc6 53. Ke5 Kb5 54. Kd4 Kxa5 55. Kc3 1/2-1/2

[Event "Budapest FS05 GM"]
[Site "Budapest"]
[Date "2022.05.13"]
[Round "6"]
[White "Shahil, Dey"]
[Black "Roy, Prantik"]
[Result "1/2-1/2"]
[WhiteElo "2369"]
[BlackElo "2366"]
[PlyCount "88"]
[EventDate "2022.05.07"]
[EventType "tourn"]
[EventRounds "9"]
[EventCountry "HUN"]
[EventCategory "6"]
[SourceTitle "CBM 208 Extra"]
[Source "ChessBase"]
[SourceDate "2022.07.31"]
[SourceVersion "1"]
[SourceVersionDate "2022.07.31"]
[SourceQuality "1"]

1. e4 e5 2. Nf3 Nf6 3. Nxe5 d6 4. Nf3 Nxe4 5. d4 d5 6. Bd3 Be7 7. 0-0 Nd6 8. Re1 0-0 9. Bf4 Be6 10. Nbd2 Nd7 11. c3 Re8 12. Qc2 h6 13. Re2 Rc8 14. Rae1 Nf8 15. h3 c6 16. b3 b6 17. Qb2 Bf6 18. Nf1 c5 19. Ng3 c4 20. Bb1 cxb3 21. axb3 a5 22. Bd3 Bg5 23. Nxg5 hxg5 24. Bd2 f6 25. f4 gxf4 26. Bxf4 Qd7 27. Qc2 Nb5 28. Re3 Nxd4 29. Qb2 Nc6 30. Ba6 Rcd8 31. Bb5 Bf7 32. Rxe8 Rxe8 33. Rxe8 Bxe8 34. Qf2 Ne6 35. Be3 Nc7 36. Bd3 Ne5 37. Bf5 Qc6 38. Bxb6 Qxc3 39. Ne2 Qc6 40. Bxa5 Nb5 41. Bd2 Bg6 42. Bxg6 Nxg6 43. Nd4 Nxd4 44. Qxd4 Qb5 1/2-1/2

[Event "Budapest FS05 GM"]
[Site "Budapest"]
[Date "2022.05.08"]
[Round "2"]
[White "Roy, Prantik"]
[Black "Srinath, Rao SV"]
[Result "0-1"]
[WhiteElo "2366"]
[BlackElo "2316"]
[PlyCount "108"]
[EventDate "2022.05.07"]
[EventType "tourn"]
[EventRounds "9"]
[EventCountry "HUN"]
[EventCategory "6"]
[SourceTitle "CBM 208 Extra"]
[Source "ChessBase"]
[SourceDate "2022.07.31"]
[SourceVersion "1"]
[SourceVersionDate "2022.07.31"]
[SourceQuality "1"]

1. d4 Nf6 2. Bg5 e6 3. e4 h6 4. Bxf6 Qxf6 5. c3 d5 6. Bd3 c5 7. Nf3 cxd4 8. cxd4 Bb4+ 9. Nc3 dxe4 10. Bxe4 0-0 11. Qb3 Bxc3+ 12. bxc3 Nd7 13. 0-0 Qf4 14. Bc2 b6 15. c4 Bb7 16. Qe3 Qxe3 17. fxe3 Rfd8 18. Rac1 Rac8 19. Bb3 Rc7 20. Rf2 Be4 21. Nd2 Bg6 22. Bc2 Bxc2 23. Rxc2 Nf6 24. Rf1 Nd5 25. Kf2 e5 26. a3 Nf6 27. Nf3 Ng4+ 28. Ke2 exd4 29. exd4 Re7+ 30. Kd2 Rde8 31. Re1 Nxh2 32. Rxe7 Nxf3+ 33. gxf3 Rxe7 34. c5 bxc5 35. dxc5 Kf8 36. Kd3 Ke8 37. Rb2 Kd7 38. Kd4 Kc7 39. a4 h5 40. a5 Re6 41. Rg2 g6 42. Kd5 Rf6 43. Re2 Rf5+ 44. Kd4 Kc6 45. Re7 Rd5+ 46. Ke4 Rd7 47. Re5 Rd1 48. Kf4 a6 49. Re7 Rd7 50. Re5 Rd5 51. Re7 Rf5+ 52. Ke4 Kxc5 53. Rb7 Kc4 54. f4 h4 0-1

[Event "Budapest Lengyel Memorial"]
[Site "Budapest"]
[Date "2022.05.02"]
[Round "7"]
[White "Neverov, Valeriy"]
[Black "Roy, Prantik"]
[Result "1-0"]
[WhiteElo "2453"]
[BlackElo "2368"]
[PlyCount "119"]
[EventDate "2022.04.26"]
[EventType "tourn"]
[EventRounds "9"]
[EventCountry "HUN"]
[EventCategory "6"]
[SourceTitle "CBM 208 Extra"]
[Source "ChessBase"]
[SourceDate "2022.07.31"]
[SourceVersion "1"]
[SourceVersionDate "2022.07.31"]
[SourceQuality "1"]

1. d4 d5 2. c4 e6 3. Nf3 Nf6 4. e3 a6 5. Nbd2 c5 6. b3 Nc6 7. Bb2 Bd6 8. Bd3 0-0 9. 0-0 b6 10. cxd5 exd5 11. dxc5 Bxc5 12. a3 a5 13. Qc2 h6 14. e4 Be6 15. exd5 Bxd5 16. Rad1 Rc8 17. Bf5 Rc7 18. Nc4 Ne7 19. Bxf6 gxf6 20. Be4 Rd7 21. Bxd5 Rxd5 22. Rxd5 Qxd5 23. Rd1 Qf5 24. Qd2 Ng6 25. b4 axb4 26. axb4 b5 27. Ne3 Bxe3 28. Qxe3 Qf4 29. Qxf4 Nxf4 30. g3 Ne2+ 31. Kg2 Rc8 32. Rd2 Nc3 33. Rc2 Rc7 34. Nd2 Nd5 35. Rc5 Rxc5 36. bxc5 Kf8 37. Kf3 Nc7 38. Ke4 Ke7 39. Nb3 Kd7 40. Kd4 Ne6+ 41. Kd5 Nc7+ 42. Kd4 Ne6+ 43. Kc3 Kc6 44. Kb4 Nc7 45. Na5+ Kd5 46. Nb7 h5 47. h4 f5 48. f3 f6 49. f4 Kc6 50. Na5+ Kd5 51. Nb3 Ke4 52. Ka5 b4 53. Kxb4 Na6+ 54. Kb5 Nxc5 55. Kxc5 Kf3 56. Kd4 Kxg3 57. Ke3 Kxh4 58. Kf3 Kh3 59. Nd4 Kh4 60. Nxf5+ 1-0

[Event "Budapest Lengyel Memorial"]
[Site "Budapest"]
[Date "2022.05.01"]
[Round "6"]
[White "Roy, Prantik"]
[Black "Aveskulov, Valeriy"]
[Result "1/2-1/2"]
[WhiteElo "2368"]
[BlackElo "2529"]
[PlyCount "84"]
[EventDate "2022.04.26"]
[EventType "tourn"]
[EventRounds "9"]
[EventCountry "HUN"]
[EventCategory "6"]
[SourceTitle "CBM 208 Extra"]
[Source "ChessBase"]
[SourceDate "2022.07.31"]
[SourceVersion "1"]
[SourceVersionDate "2022.07.31"]
[SourceQuality "1"]

1. c4 c5 2. Nc3 Nc6 3. g3 g6 4. Bg2 Bg7 5. Nf3 e5 6. d3 d6 7. Bd2 Nge7 8. Qc1 0-0 9. Bh6 Bxh6 10. Qxh6 f6 11. Qd2 Be6 12. 0-0 Qd7 13. Rfc1 Rad8 14. b3 b6 15. a3 g5 16. Rab1 Ng6 17. b4 Rf7 18. bxc5 dxc5 19. Nd5 Bxd5 20. cxd5 Nce7 21. e4 g4 22. Ne1 f5 23. Qg5 f4 24. f3 Rdf8 25. Qxg4 Qxg4 26. fxg4 f3 27. Nxf3 Rxf3 28. Bxf3 Rxf3 29. Rb3 Nc8 30. a4 Nd6 31. Kg2 Rf7 32. a5 Rb7 33. axb6 axb6 34. Rcb1 b5 35. Ra3 b4 36. Ra6 Nb5 37. Kf2 Rf7+ 38. Ke1 Nd4 39. Ra5 Nf3+ 40. Kd1 Nd4 41. Ke1 Nf3+ 42. Kd1 Nd4 1/2-1/2

[Event "Fagernes op"]
[Site "Fagernes"]
[Date "2022.04.15"]
[Round "7"]
[White "Roy, Prantik"]
[Black "Oye Stromberg, Alexander"]
[Result "1-0"]
[WhiteElo "2368"]
[BlackElo "2157"]
[PlyCount "83"]
[EventDate "2022.04.10"]
[EventType "swiss"]
[EventRounds "9"]
[EventCountry "NOR"]
[SourceTitle "CBM 207 Extra"]
[Source "ChessBase"]
[SourceDate "2022.05.31"]
[SourceVersion "1"]
[SourceVersionDate "2022.05.31"]
[SourceQuality "1"]

1. Nf3 Nf6 2. c4 e6 3. g3 d5 4. Bg2 Be7 5. b3 d4 6. Bb2 Nc6 7. 0-0 e5 8. d3 0-0 9. Na3 a5 10. Nc2 Bg4 11. e3 dxe3 12. Nxe3 Bh5 13. h3 Re8 14. g4 Bg6 15. Nxe5 Nxe5 16. Bxe5 Bxd3 17. Bxb7 Rb8 18. Bc6 Rf8 19. Nd5 Nxd5 20. Qxd3 Bf6 21. Bxf6 Nxf6 22. Qxd8 Rfxd8 23. Rad1 Kf8 24. Rfe1 Rxd1 25. Rxd1 Ke7 26. g5 Nh5 27. Rd7+ Ke6 28. c5 Nf4 29. Kh2 Rc8 30. Kg3 Ng6 31. Rd2 Nf8 32. Re2+ Kf5 33. h4 Kg6 34. Re7 h6 35. f4 Rd8 36. Be8 Rd3+ 37. Kf2 Rd2+ 38. Ke3 Rd1 39. Bxf7+ Kf5 40. Re5+ Kg4 41. gxh6 gxh6 42. Bh5+ 1-0

[Event "Fagernes op"]
[Site "Fagernes"]
[Date "2022.04.14"]
[Round "6"]
[White "Al Tarbosh, Ward"]
[Black "Roy, Prantik"]
[Result "0-1"]
[WhiteElo "2200"]
[BlackElo "2368"]
[PlyCount "173"]
[EventDate "2022.04.10"]
[EventType "swiss"]
[EventRounds "9"]
[EventCountry "NOR"]
[SourceTitle "CBM 207 Extra"]
[Source "ChessBase"]
[SourceDate "2022.05.31"]
[SourceVersion "1"]
[SourceVersionDate "2022.05.31"]
[SourceQuality "1"]

1. e4 c6 2. Nf3 d5 3. Nc3 dxe4 4. Nxe4 Nf6 5. Nxf6+ exf6 6. Bc4 Be7 7. h3 0-0 8. 0-0 Nd7 9. d4 Re8 10. Bf4 Nb6 11. Bb3 Nd5 12. Bg3 Be6 13. c4 Nb6 14. Qd3 Qd7 15. Bc2 g6 16. b3 Rad8 17. Qd2 f5 18. Rad1 f6 19. Rfe1 Nc8 20. h4 Bf7 21. h5 g5 22. d5 cxd5 23. Nd4 Nd6 24. Bxd6 Bxd6 25. Bxf5 Rxe1+ 26. Rxe1 Bf4 27. Qc2 Re8 28. Rxe8+ Qxe8 29. g3 Be5 30. Nf3 dxc4 31. Bxh7+ Kg7 32. bxc4 Bxh5 33. Be4 b6 34. Qd3 Bf7 35. Bd5 Bh5 36. Qa3 Qd7 37. Nxe5 fxe5 38. Qe3 Kf6 39. Kg2 Bg4 40. Qa3 Qe7 41. Qd3 Bf5 42. Qf3 e4 43. Qc3+ Kg6 44. Qd4 Qf6 45. Qe3 Qe5 46. a4 Qe7 47. Qe2 Kg7 48. Kg1 Kf6 49. Qh5 Ke5 50. Qh8+ Kd6 51. Qd4 Qe5 52. Qd2 e3 53. fxe3 Qxg3+ 54. Bg2+ Ke7 55. Qc3 Kf7 56. Qd2 Be6 57. Qd3 Ke7 58. Qh7+ Kd6 59. Qd3+ Kc7 60. Qd4 Bh3 61. Qg7+ Bd7 62. e4 Qe3+ 63. Kh1 Qc1+ 64. Kh2 Qf4+ 65. Kh1 g4 66. Qc3 Qh6+ 67. Kg1 Qd6 68. e5 Qc5+ 69. Kh2 Be6 70. Bf1 Qf2+ 71. Bg2 Qf4+ 72. Qg3 Qxc4 73. Qh4 Qf4+ 74. Kg1 Qd4+ 75. Qf2 Qa1+ 76. Qf1 Qxf1+ 77. Bxf1 Kc6 78. Kf2 Kd5 79. Be2 a5 80. Ke3 Kxe5 81. Kd3 g3 82. Bf1 Bd5 83. Kc3 g2 84. Bxg2 Bxg2 85. Kc4 Bc6 86. Kb3 Kd4 87. Ka3 0-1

[Event "Dhaka Saarc op"]
[Site "Dhaka"]
[Date "2019.11.29"]
[Round "5"]
[White "Roy, Prantik"]
[Black "Ghosh, Chanchal Kumer"]
[Result "1-0"]
[WhiteElo "2349"]
[BlackElo "2061"]
[PlyCount "153"]
[EventDate "2019.11.25"]
[EventType "swiss"]
[EventRounds "9"]
[EventCountry "BAN"]
[SourceTitle "CBM 193 Extra"]
[Source "ChessBase"]
[SourceDate "2020.01.31"]
[SourceVersion "1"]
[SourceVersionDate "2020.01.31"]
[SourceQuality "1"]

1. d4 d5 2. Bf4 e6 3. e3 Nf6 4. Bd3 c5 5. c3 Bd6 6. Bg3 Nc6 7. Nf3 Bxg3 8. hxg3 Qd6 9. Nbd2 h6 10. Qe2 a6 11. 0-0-0 c4 12. Bc2 b5 13. e4 Qe7 14. Ne5 Bb7 15. Nxc6 Bxc6 16. e5 Nd7 17. Qg4 g6 18. Qf4 b4 19. Nf3 bxc3 20. bxc3 Ba4 21. Bxa4 Qa3+ 22. Kd2 Qxa4 23. Ng5 Qxa2+ 24. Ke1 0-0-0 25. Nxf7 Rdf8 26. Nd6+ Kc7 27. Qd2 Qa3 28. Ke2 Rb8 29. Ra1 Qb2 30. Rxa6 Qxd2+ 31. Kxd2 Rb2+ 32. Ke3 g5 33. Ra7+ Kc6 34. Nf7 Rhb8 35. Rxh6 Nf8 36. Nxg5 R8b3 37. Rf6 Rxc3+ 38. Kf4 Rd3 39. Nf3 Rb8 40. Raf7 c3 41. Rxf8 Rxf8 42. Rxf8 Kb7 43. Ne1 Rxd4+ 44. Ke3 Rd1 45. Rf4 Rxe1+ 46. Kd3 Rc1 47. Rb4+ Kc6 48. Rb3 Rd1+ 49. Kxc3 Re1 50. f4 Re2 51. Kd4 Rd2+ 52. Ke3 Rxg2 53. Kf3 Rg1 54. Ra3 Rf1+ 55. Ke2 Rg1 56. Kf2 Rb1 57. g4 Rb8 58. Ra6+ Kd7 59. Ra7+ Ke8 60. Kg3 d4 61. Ra3 Kd7 62. Kf3 Kc6 63. Ke4 Rd8 64. f5 Rg8 65. Kf4 exf5 66. gxf5 Kd5 67. Ra5+ Kc4 68. e6 d3 69. Ke5 Rg1 70. Ra2 Re1+ 71. Kd6 Re2 72. Ra1 d2 73. Rd1 Kc3 74. f6 Kc2 75. Rxd2+ Rxd2+ 76. Ke7 Kd3 77. f7 1-0

[Event "Bangkok Cha Am op 19th"]
[Site "Bangkok"]
[Date "2019.04.14"]
[Round "9"]
[White "Karthik, Venkataraman"]
[Black "Roy, Prantik"]
[Result "1-0"]
[WhiteElo "2505"]
[BlackElo "2374"]
[PlyCount "75"]
[EventDate "2019.04.06"]
[EventType "swiss"]
[EventRounds "9"]
[EventCountry "THA"]
[SourceTitle "CBM 189 Extra"]
[Source "ChessBase"]
[SourceDate "2019.06.03"]
[SourceVersion "1"]
[SourceVersionDate "2019.06.03"]
[SourceQuality "1"]

1. Nf3 Nf6 2. c4 c6 3. Nc3 d5 4. d4 e6 5. g3 Nbd7 6. Bg2 dxc4 7. 0-0 Bb4 8. e4 0-0 9. e5 Nd5 10. Qc2 Nxc3 11. Ng5 g6 12. bxc3 Be7 13. h4 Nb6 14. Qe2 Nd5 15. Qxc4 b5 16. Qd3 a5 17. Ne4 Ba6 18. Bg5 b4 19. c4 f5 20. Nc5 Nc7 21. Bxc6 Bxg5 22. Bxa8 Bxh4 23. Nxa6 Nxa6 24. Bg2 Be7 25. Rfd1 Qb6 26. c5 Qa7 27. Qc4 Nc7 28. Rac1 f4 29. d5 exd5 30. Bxd5+ Kg7 31. Bc6 fxg3 32. fxg3 Bg5 33. Rd7+ Kh8 34. Rf1 Be3+ 35. Kg2 Rxf1 36. Qxf1 Qxc5 37. Qf6+ Kg8 38. Qg7# 1-0

[Event "Bangkok Cha Am op 19th"]
[Site "Bangkok"]
[Date "2019.04.09"]
[Round "4"]
[White "Tobor, Detlef"]
[Black "Roy, Prantik"]
[Result "1/2-1/2"]
[WhiteElo "1949"]
[BlackElo "2374"]
[PlyCount "202"]
[EventDate "2019.04.06"]
[EventType "swiss"]
[EventRounds "9"]
[EventCountry "THA"]
[SourceTitle "CBM 189 Extra"]
[Source "ChessBase"]
[SourceDate "2019.06.03"]
[SourceVersion "1"]
[SourceVersionDate "2019.06.03"]
[SourceQuality "1"]

1. e4 c5 2. c3 g6 3. d4 cxd4 4. cxd4 Bg7 5. Nf3 d6 6. Nc3 Nf6 7. Bc4 0-0 8. 0-0 Nxe4 9. Nxe4 d5 10. Bd3 dxe4 11. Bxe4 Nd7 12. Bd3 Nb6 13. Re1 Be6 14. Be4 Bd5 15. Bxd5 Nxd5 16. Qb3 Qd6 17. Bd2 e6 18. Rac1 Qb6 19. Qxb6 axb6 20. a3 Rfd8 21. Rc2 Kf8 22. Kf1 Ke8 23. Rec1 h6 24. h4 h5 25. g3 Ne7 26. Bg5 f6 27. Bf4 Nd5 28. Bd2 Kd7 29. Ke2 Bf8 30. Be3 Ra4 31. Ne1 Bd6 32. Nd3 Raa8 33. Bd2 Re8 34. Kf1 Ra4 35. Rc4 Rea8 36. Ke2 Rxc4 37. Rxc4 b5 38. Rc2 b6 39. Rc1 Ra4 40. Be3 Ne7 41. Ne1 Nd5 42. Nd3 b4 43. axb4 Bxb4 44. Nf4 Ne7 45. Nd3 Bd6 46. Ne1 Nf5 47. Nf3 Rb4 48. Rc2 b5 49. Rd2 Rb3 50. Ne5+ Ke8 51. Nd3 Ne7 52. Rc2 Kd7 53. Bd2 Nc6 54. Bc3 b4 55. Nc1 Rxc3 56. bxc3 bxc3 57. Nb3 e5 58. Rxc3 exd4 59. Rd3 Be5 60. f4 Bc7 61. Nxd4 Nxd4+ 62. Rxd4+ Ke6 63. Kf3 Bd6 64. Ra4 Be7 65. Ra6+ Kf5 66. Ra5+ Ke6 67. Ke4 f5+ 68. Kd4 Bf6+ 69. Kc4 Bb2 70. Ra6+ Kf7 71. Kd5 Bc3 72. Ra7+ Kf6 73. Ra3 Bb2 74. Re3 Kf7 75. Kd6 Bd4 76. Re2 Bc3 77. Kd7 Bb4 78. Re8 Bc5 79. Re2 Bb4 80. Kc6 Bc3 81. Kd5 Ba5 82. Ra2 Bc3 83. Ra7+ Kf6 84. Kc6 Bd4 85. Rd7 Bc3 86. Kc7 Ba5+ 87. Kc8 Ke6 88. Ra7 Be1 89. Ra3 Bb4 90. Ra6+ Kf7 91. Ra7+ Kg8 92. Kd8 Bc3 93. Ke8 Bb2 94. Ke7 Bd4 95. Ra8+ Kg7 96. Ke6 Bc3 97. Ra7+ Kg8 98. Ra2 Kg7 99. Ra3 Bd4 100. Rd3 Bb2 101. Rd7+ Kg8 1/2-1/2

[Event "Rilton Cup 48th"]
[Site "Stockholm"]
[Date "2018.12.30"]
[Round "4"]
[White "Roy, Prantik"]
[Black "Kulaots, Kaido"]
[Result "0-1"]
[WhiteElo "2382"]
[BlackElo "2555"]
[PlyCount "64"]
[EventDate "2018.12.27"]
[EventType "swiss"]
[EventRounds "9"]
[EventCountry "SWE"]
[SourceTitle "CBM 188 Extra"]
[Source "ChessBase"]
[SourceDate "2019.02.26"]
[SourceVersion "1"]
[SourceVersionDate "2019.02.26"]
[SourceQuality "1"]

1. d4 Nf6 2. Bg5 d5 3. Bxf6 exf6 4. e3 Bd6 5. Bd3 c6 6. Nd2 f5 7. Qf3 g6 8. h3 h5 9. Ne2 h4 10. c4 dxc4 11. Nxc4 Bc7 12. Nc3 Be6 13. 0-0-0 Nd7 14. Kb1 0-0 15. Nd2 Ba5 16. Bc4 Bxc4 17. Nxc4 Bxc3 18. bxc3 Nb6 19. Nxb6 axb6 20. Rd2 b5 21. g4 hxg3 22. fxg3 Ra3 23. g4 f4 24. exf4 b4 25. Rc1 Qa5 26. Rb2 bxc3 27. Rb3 Rxa2 28. Qxc3 Qa6 29. Qd3 Qa4 30. f5 Ra8 31. fxg6 Rf2 32. gxf7+ Kf8 0-1

[Event "Sitges Sunway op-A 5th"]
[Site "Sitges"]
[Date "2018.12.15"]
[Round "2"]
[White "Indjic, Aleksandar"]
[Black "Roy, Prantik"]
[Result "1/2-1/2"]
[WhiteElo "2620"]
[BlackElo "2382"]
[PlyCount "129"]
[EventDate "2018.12.14"]
[EventType "swiss"]
[EventRounds "10"]
[EventCountry "ESP"]
[SourceTitle "CBM 187 Extra"]
[Source "ChessBase"]
[SourceDate "2018.11.04"]
[SourceVersion "1"]
[SourceVersionDate "2018.11.04"]
[SourceQuality "1"]

1. d4 e6 2. Nf3 d5 3. c4 c6 4. Bg5 Be7 5. Bxe7 Qxe7 6. Nbd2 Nf6 7. g3 0-0 8. Qc2 Nbd7 9. Bg2 e5 10. dxe5 Nxe5 11. cxd5 Nxd5 12. 0-0 Nxf3+ 13. Nxf3 Bg4 14. a3 Rfe8 15. Rfe1 Nf6 16. h3 Bxf3 17. Bxf3 Rad8 18. b4 Qe5 19. Rad1 g6 20. a4 Rd4 21. Rxd4 Qxd4 22. b5 cxb5 23. axb5 Ne4 24. e3 Qe5 25. Kg2 Qxb5 26. Rb1 Qc6 27. Qxc6 bxc6 28. Rb7 a5 29. Ra7 Re5 30. Ra6 Kg7 31. Rxc6 Ng5 32. Be2 Ne6 33. Ra6 Rc5 34. Ra7 Nc7 35. Bd1 Kf6 36. g4 h6 37. h4 Ne6 38. Kg3 Rc1 39. Bb3 Rg1+ 40. Kf3 Rh1 41. Bd5 Ra1 42. Kg2 Ra3 43. Kg3 Nd8 44. Kf3 Ra1 45. Kg2 Ra3 46. Kf1 Ra1+ 47. Ke2 Rg1 48. Ra6+ Ne6 49. Kf3 Ra1 50. Kg2 Ra3 51. Ra7 Nd8 52. g5+ hxg5 53. hxg5+ Kxg5 54. Rd7 Ne6 55. Rxf7 Nc5 56. f4+ Kh6 57. Rc7 Rc3 58. Bg8 g5 59. f5 g4 60. Rc6+ Kg5 61. f6 Rc2+ 62. Kg1 Rc1+ 63. Kg2 Rc2+ 64. Kg1 Rc1+ 65. Kg2 1/2-1/2

[Event "Helsingor Xtracon op"]
[Site "Helsingor"]
[Date "2018.07.28"]
[Round "9"]
[White "Roy, Prantik"]
[Black "Andreikin, Dmitry"]
[Result "0-1"]
[WhiteElo "2347"]
[BlackElo "2702"]
[PlyCount "98"]
[EventDate "2018.07.21"]
[EventType "swiss"]
[EventRounds "10"]
[EventCountry "DEN"]
[SourceTitle "CBM 185 Extra"]
[Source "ChessBase"]
[SourceDate "2018.07.29"]
[SourceVersion "1"]
[SourceVersionDate "2018.07.29"]
[SourceQuality "1"]

1. Nf3 Nf6 2. c4 e6 3. g3 a6 4. Bg2 b5 5. d3 Bb7 6. 0-0 Be7 7. b3 0-0 8. Na3 bxc4 9. bxc4 c5 10. Rb1 Bc6 11. Bd2 d6 12. Nc2 Qc7 13. e4 Ba4 14. Qc1 Bxc2 15. Qxc2 Nc6 16. Bc3 Nd7 17. Nh4 Bxh4 18. gxh4 Nd4 19. Bxd4 cxd4 20. f4 Rab8 21. Rbd1 e5 22. Bh3 Nc5 23. Kh1 Qe7 24. Qf2 exf4 25. Qxf4 Rb2 26. Rf2 Rfb8 27. Bf1 Rxf2 28. Qxf2 Qe5 29. Bh3 g6 30. Rf1 Rb7 31. Qf3 h5 32. Bc8 Rc7 33. Bh3 Kg7 34. Kg1 Rb7 35. Bc8 Rc7 36. Bh3 Qe7 37. Qg3 Rb7 38. Rf2 Rb1+ 39. Bf1 a5 40. Kg2 a4 41. Be2 Qe5 42. Qf3 Rb7 43. a3 Qe7 44. Qg3 Rb3 45. Rf3 Rxa3 46. Qf2 Ne6 47. Bf1 Rb3 48. Kg3 a3 49. Bh3 Nc5 0-1

[Event "Helsingor Xtracon op"]
[Site "Helsingor"]
[Date "2018.07.27"]
[Round "8"]
[White "Shirov, Alexei"]
[Black "Roy, Prantik"]
[Result "0-1"]
[WhiteElo "2637"]
[BlackElo "2347"]
[PlyCount "106"]
[EventDate "2018.07.21"]
[EventType "swiss"]
[EventRounds "10"]
[EventCountry "DEN"]
[SourceTitle "CBM 185 Extra"]
[Source "ChessBase"]
[SourceDate "2018.07.29"]
[SourceVersion "1"]
[SourceVersionDate "2018.07.29"]
[SourceQuality "1"]

1. e4 c6 2. d4 d5 3. e5 Bf5 4. Nf3 e6 5. Be2 Nd7 6. 0-0 h6 7. b3 Ne7 8. c4 Ng6 9. Na3 Bb4 10. Nc2 Bc3 11. Rb1 0-0 12. Bd3 Be4 13. cxd5 cxd5 14. Bxe4 dxe4 15. Nd2 f5 16. Nc4 Qh4 17. f3 Nb6 18. Ba3 Nxc4 19. bxc4 Rfc8 20. g3 Qh3 21. fxe4 f4 22. Rf3 Rxc4 23. gxf4 Qg4+ 24. Kh1 Bxd4 25. h3 Qh5 26. Nxd4 Rxd4 27. Qb3 Rxe4 28. Rg3 Rxf4 29. Rbg1 Kh8 30. Qxb7 Rg8 31. Qxa7 Nh4 32. Bc1 Re4 33. Qf2 Nf5 34. Ra3 Re2 35. Qf3 Qxf3+ 36. Rxf3 Rxa2 37. Rc3 Rd8 38. Bf4 Rd4 39. Rf1 Re4 40. Bh2 Ree2 41. Bg1 h5 42. Rcf3 Rxe5 43. Bf2 Ree2 44. Kg1 g5 45. Re1 Kg7 46. Rxe2 Rxe2 47. Ra3 Kf6 48. Kg2 Rc2 49. Kg1 Ne7 50. Rf3+ Nf5 51. Ra3 h4 52. Kg2 Nd4 53. Kf1 e5 0-1

[Event "Johor op 4th"]
[Site "Johor"]
[Date "2017.12.15"]
[Round "7"]
[White "Roy, Prantik"]
[Black "Nithyalakshmi, Sivanesan"]
[Result "1-0"]
[WhiteElo "2366"]
[BlackElo "1863"]
[PlyCount "83"]
[EventDate "2017.12.11"]
[EventType "swiss"]
[EventRounds "9"]
[EventCountry "MAS"]
[SourceTitle "EXT 2019"]
[Source "ChessBase"]
[SourceDate "2018.10.10"]
[SourceVersion "1"]
[SourceVersionDate "2018.10.10"]
[SourceQuality "1"]

1. Nf3 Nf6 2. c4 c6 3. Nc3 d5 4. e3 Bg4 5. cxd5 cxd5 6. Qb3 Nc6 7. Qxb7 Bd7 8. Qb3 Rb8 9. Qd1 e5 10. d4 e4 11. Ne5 Bb4 12. Be2 0-0 13. 0-0 Be8 14. f4 Ne7 15. Bd2 Nf5 16. g4 Ne7 17. a3 Bd6 18. b4 Kh8 19. Qb3 Bc7 20. Na4 Nfg8 21. Nc5 Bd6 22. g5 h6 23. gxh6 Nxh6 24. Kh1 Qc8 25. Qd1 Bxe5 26. fxe5 Qh3 27. Qe1 Nef5 28. Qf2 Rb6 29. Qg2 Qh4 30. Rf4 Qe7 31. Qh3 g6 32. Rg1 Rg8 33. Be1 Qf8 34. a4 Kh7 35. b5 Rb8 36. Bb4 a5 37. Bxa5 Qe7 38. Rxf5 gxf5 39. Rxg8 Kxg8 40. Qxh6 Qa7 41. Qg5+ Kf8 42. Bd8 1-0

[Event "Penang op-A 9th"]
[Site "Penang"]
[Date "2017.12.08"]
[Round "7"]
[White "Pitra, Andika"]
[Black "Roy, Prantik"]
[Result "1-0"]
[WhiteElo "2297"]
[BlackElo "2366"]
[PlyCount "35"]
[EventDate "2017.12.04"]
[EventType "swiss"]
[EventRounds "9"]
[EventCountry "MAS"]
[SourceTitle "CBM 182 Extra"]
[Source "ChessBase"]
[SourceDate "2018.02.23"]
[SourceVersion "1"]
[SourceVersionDate "2018.02.23"]
[SourceQuality "1"]

1. e4 g6 2. d4 Bg7 3. Nc3 c5 4. dxc5 Qa5 5. Bd2 Qxc5 6. Nd5 Na6 7. Nf3 e6 8. Bc3 Bxc3+ 9. Nxc3 Nf6 10. Qd2 0-0 11. 0-0-0 Ng4 12. Bxa6 bxa6 13. Rhf1 Bb7 14. Qf4 f5 15. Rxd7 Bc6 16. Qc7 Nf6 17. Rg7+ Kh8 18. Ng5 1-0

[Event "Dieren op"]
[Site "Dieren"]
[Date "2017.08.01"]
[Round "7"]
[White "Roy, Prantik"]
[Black "Ikonnikov, Vyacheslav"]
[Result "1/2-1/2"]
[WhiteElo "2351"]
[BlackElo "2538"]
[PlyCount "96"]
[EventDate "2017.07.25"]
[EventType "swiss"]
[EventRounds "9"]
[EventCountry "NED"]
[SourceTitle "CBM 179 Extra"]
[Source "ChessBase"]
[SourceDate "2017.08.23"]
[SourceVersion "1"]
[SourceVersionDate "2017.08.23"]
[SourceQuality "1"]

1. d4 Nf6 2. Bg5 Ne4 3. h4 d5 4. Nd2 Nxg5 5. hxg5 g6 6. e3 Bg7 7. Ngf3 c5 8. c3 Qb6 9. Qc2 Nc6 10. dxc5 Qxc5 11. Bd3 Bg4 12. Rh4 Bxf3 13. gxf3 0-0-0 14. 0-0-0 e5 15. Rdh1 Qe7 16. Bb5 Nb8 17. f4 exf4 18. Rxf4 h6 19. gxh6 Rxh6 20. Rxh6 Bxh6 21. Rf3 a6 22. Rh3 Bg7 23. Ba4 Nd7 24. Bxd7+ Qxd7 25. Rh1 Qg4 26. Nb3 Rh8 27. Rxh8+ Bxh8 28. Qd2 Qc4 29. Kc2 Bf6 30. Qd3 Kd7 31. Nc1 Be5 32. b3 Qe4 33. c4 Kd6 34. cxd5 Qxd5 35. e4 Qxd3+ 36. Nxd3 Bd4 37. Kd2 Ke6 38. Ke2 f5 39. exf5+ Kxf5 40. f3 g5 41. Kd2 Ke6 42. Nc1 Kd5 43. Kd3 Be5 44. a4 Bb2 45. Ne2 Be5 46. Kc2 Ke6 47. Kd3 Kd5 48. Kc2 Ke6 1/2-1/2